<?xml version="1.0" encoding="UTF-8"?>
<record
    xmlns:xsi="http://www.w3.org/2001/XMLSchema-instance"
    xsi:schemaLocation="http://www.loc.gov/MARC21/slim http://www.loc.gov/standards/marcxml/schema/MARC21slim.xsd"
    xmlns="http://www.loc.gov/MARC21/slim">

  <leader>01426naa a2200205 i 4500</leader>
  <controlfield tag="001">7151</controlfield>
  <controlfield tag="003">KOSZ 005</controlfield>
  <controlfield tag="005">20180508103155.0</controlfield>
  <controlfield tag="008">150324s1982    bu     f     |100 0 rus</controlfield>
  <datafield tag="040" ind1=" " ind2=" ">
    <subfield code="c">BPK</subfield>
    <subfield code="d">KOSZ 005/EG</subfield>
  </datafield>
  <datafield tag="041" ind1=" " ind2=" ">
    <subfield code="a">rus</subfield>
  </datafield>
  <datafield tag="044" ind1=" " ind2=" ">
    <subfield code="a">BGR</subfield>
  </datafield>
  <datafield tag="080" ind1=" " ind2=" ">
    <subfield code="a">624.012.4</subfield>
  </datafield>
  <datafield tag="100" ind1="1" ind2=" ">
    <subfield code="a">ROMANOWSKI, Adam.</subfield>
    <subfield code="d">1971 - 1996.</subfield>
    <subfield code="b">Wy&#x17C;sza Szko&#x142;a In&#x17C;ynierska w Koszalinie - Instytut Budownictwa L&#x105;dowego,</subfield>
    <subfield code="c">Zak&#x142;ad Konstrukcji Metalowych</subfield>
  </datafield>
  <datafield tag="245" ind1="1" ind2="0">
    <subfield code="a">&#x41E;&#x43F;&#x440;&#x435;&#x434;&#x435;&#x43B;&#x435;&#x43D;&#x438;&#x435; &#x441;&#x43E;&#x434;&#x435;&#x440;&#x436;&#x430;&#x43D;&#x438;&#x44F; &#x43F;&#x43E; &#x43E;&#x431;&#x44A;&#x451;&#x43C;&#x443; &#x441;&#x442;&#x430;&#x43B;&#x44C;&#x43D;&#x44B;&#x445; &#x444;&#x438;&#x431;&#x440; &#x432; &#x441;&#x442;&#x430;&#x43B;&#x435;&#x444;&#x438;&#x431;&#x440;&#x43E;&#x431;&#x435;&#x442;&#x43E;&#x43D;&#x435; /</subfield>
    <subfield code="c">&#x410;. &#x420;&#x43E;&#x43C;&#x430;&#x43D;&#x43E;&#x432;&#x441;&#x43A;&#x438;, &#x421;. &#x421;&#x43E;&#x43D;&#x441;&#x44F;&#x434;&#x435;&#x43A;.</subfield>
  </datafield>
  <datafield tag="500" ind1=" " ind2=" ">
    <subfield code="a">Dane z kartoteki bpp.</subfield>
  </datafield>
  <datafield tag="711" ind1=" " ind2=" ">
    <subfield code="a">Nacionalnaja konf.po mechanike i technologii kompoziscionnych materialo-posvjascena 1300-letiju sozdanika Bolgarskogo Gosudarstva i 10-letiju obrazovanija Central'noj Laboratorii Fiziko-chimiceskokoj Mechaniki Bolgarskoj Akademii Nauk</subfield>
    <subfield code="n">(3 ;</subfield>
    <subfield code="d">1982.10.04-06 ;</subfield>
    <subfield code="c">Varna, Bu&#x142;garia).</subfield>
  </datafield>
  <datafield tag="773" ind1=" " ind2=" ">
    <subfield code="i">W :</subfield>
    <subfield code="t">III &#x41D;&#x430;&#x446;&#x438;&#x43E;&#x43D;&#x430;&#x43B;&#x44C;&#x43D;&#x430;&#x44F; &#x41A;&#x43E;&#x43D;&#x444;&#x435;&#x440;&#x435;&#x43D;&#x446;&#x438;&#x44F; &#x43F;&#x43E; &#x43C;&#x435;&#x445;&#x430;&#x43D;&#x438;&#x43A;&#x435; &#x438; &#x442;&#x435;&#x445;&#x43D;&#x43E;&#x43B;&#x43E;&#x433;&#x438;&#x438; &#x43A;&#x43E;&#x43C;&#x43F;&#x43E;&#x437;&#x438;&#x441;&#x438;&#x43E;&#x43D;&#x43D;&#x44B;&#x445; &#x43C;&#x430;&#x442;&#x435;&#x440;&#x438;&#x430;&#x43B;&#x43E;&#x432; &#x43F;&#x43E;&#x441;&#x432;&#x44F;&#x449;&#x435;&#x43D;&#x430; 1300-&#x43B;&#x435;&#x442;&#x438;&#x44E; &#x426;&#x435;&#x43D;&#x442;&#x440;&#x430;&#x43B;&#x44C;&#x43D;&#x43E;&#x439; &#x43B;&#x430;&#x431;&#x43E;&#x440;&#x430;&#x442;&#x43E;&#x440;&#x438;&#x438; &#x444;&#x438;&#x437;&#x438;&#x43A;&#x43E;-&#x445;&#x435;&#x43C;&#x438;&#x447;&#x435;&#x441;&#x43A;&#x43E;&#x439; &#x43C;&#x435;&#x445;&#x430;&#x43D;&#x438;&#x43A;&#x438; &#x411;&#x43E;&#x43B;&#x433;&#x430;&#x440;&#x441;&#x43A;&#x43E;&#x439; &#x410;&#x43A;&#x430;&#x434;&#x435;&#x43C;&#x438;&#x438; &#x41D;&#x430;&#x443;&#x43A;. -</subfield>
    <subfield code="d">&#x421;&#x43E;&#x444;&#x438;&#x44F; : &#x418;&#x437;&#x434;. &#x411;&#x43E;&#x43B;&#x433;&#x430;&#x440;&#x441;&#x43E;&#x439; &#x410;&#x43A;&#x430;&#x434;&#x435;&#x43C;&#x438;&#x438; &#x41D;&#x430;&#x443;&#x43A;, 1982. -</subfield>
    <subfield code="g">s. 580-583</subfield>
  </datafield>
  <datafield tag="942" ind1=" " ind2=" ">
    <subfield code="c">ART</subfield>
    <subfield code="2">UKD</subfield>
  </datafield>
  <datafield tag="999" ind1=" " ind2=" ">
    <subfield code="c">7151</subfield>
    <subfield code="d">7151</subfield>
  </datafield>
</record>
